WILLOW Discography - Statistics

General Stats
  • This quiz has been taken 12 times
  • The average score is 29 of 97
Answer Stats
Album Song % Correct
empathogen b i g f e e l i n g s
75%
Single Whip My Hair
75%
empathogen ancient girl
63%
<COPINGMECHANISM> <Coping Mechanism>
63%
THE ANXIETY Meet Me At Our Spot
63%
empathogen symptom of life
63%
empathogen the fear is not real
63%
ARDIPTHECUS Wait a Minute!
63%
empathogen between i and she
50%
<COPINGMECHANISM> curious/furious
50%
empathogen down
50%
empathogen false self
50%
empathogen home
50%
empathogen pain for fun
50%
WILLOW PrettyGirlz
50%
empathogen run!
50%
empathogen to you
50%
lately I feel EVERYTHING t r a n s p a r e n t s o u l
50%
empathogen wanted
50%
<COPINGMECHANISM> WHY?
50%
lately I feel EVERYTHING 4ever
38%
3 9
38%
<COPINGMECHANISM> BATSH!T
38%
THE ANXIETY Believe That
38%
The 1st Boy
38%
<COPINGMECHANISM> Falling Endlessly
38%
lately I feel EVERYTHING Gaslight
38%
<COPINGMECHANISM> hover like a GODDESS
38%
The 1st Human Leech
38%
empathogen layers
38%
lately I feel EVERYTHING Lipstick
38%
<COPINGMECHANISM> <maybe> it's my fault
38%
ARDIPTHECUS Marceline
38%
<COPINGMECHANISM> No Control
38%
empathogen no words 1 & 2
38%
WILLOW Overthinking IT
38%
THE ANXIETY Poolside
38%
<COPINGMECHANISM> Split
38%
WILLOW Time Machine
38%
lately I feel EVERYTHING XTRA
38%
3 8
25%
THE ANXIETY After You Cry
25%
Single alone
25%
The 1st An Awkward Life of an Awkward Girl
25%
The 1st And Contentment
25%
The 1st A Reason
25%
THE ANXIETY Are You Afraid?
25%
lately I feel EVERYTHING BREAKOUT!
25%
lately I feel EVERYTHING Come Home
25%
lately I feel EVERYTHING don't SAVE ME
25%
ARDIPTHECUS dRuGz
25%
THE ANXIETY Entertain
25%
WILLOW Female Energy, Pt. 2
25%
THE ANXIETY Fight Club
25%
lately I feel EVERYTHING Fuck You
25%
lately I feel EVERYTHING G R O W
25%
THE ANXIETY Hey You!
25%
ARDIPTHECUS IDK
25%
empathogen "I know that face."
25%
THE ANXIETY Interlude
25%
The 1st Israel
25%
WILLOW Like a Bird
25%
Single Memories
25%
lately I feel EVERYTHING naive
25%
ARDIPTHECUS Natives of the Windy Forest
25%
ARDIPTHECUS Organization & Classification
25%
<COPINGMECHANISM> Perfectly Not Close To Me
25%
Single PURGE
25%
ARDIPTHECUS RANDOMSONG
25%
The 1st Romance
25%
THE ANXIETY The System
25%
<COPINGMECHANISM> ur a <stranger>
25%
ARDIPTHECUS Waves of Nature
25%
ARDIPTHECUS Why Don't You Cry
25%
ARDIPTHECUS Cycles
13%
3 Flowers
13%
ARDIPTHECUS F Q-C #8
13%
The 1st Ho' ihi Interlude
13%
The 1st Lonely Road
13%
ARDIPTHECUS Marceline, Pt. 2
13%
ARDIPTHECUS Not So Different
13%
The 1st Oh No!!!
13%
R I S E Rise
13%
WILLOW Samo Is Now
13%
ARDIPTHECUS Star
13%
WILLOW then (interlude)
13%
WILLOW U KNOW
13%
ARDIPTHECUS UR Town
13%
The 1st Warm Honey
13%
R I S E Adore
0%
R I S E Born to Give
0%
R I S E Brahma's Song
0%
Single F Q-C # 7
0%
R I S E Gajendra
0%
Single I Am Me
0%
R I S E Kairava
0%
Single Surrender (Krishna Keshava)
0%
No matching quizzes found
Score Distribution
Percent of People with Each Score
Percentile by Number Answered
Your Score History
You have not taken this quiz